000 00496nam a2200181Ia 4500
005 20250317120639.0
008 008 250317s9999 xx 000 0 eng d
037 _aTextbook
040 _aFMSL
_beng
_cFMSL
041 _aeng
_2eng
084 _aX7.2 M1
_qFMSL
100 _aDwivedi D N
245 0 _aReading in indian public fice
260 _aDelhi
_bDelhi, Chanakya Publications
_c1981
300 _a264p
942 _cTB
_hX7.2 M1
999 _c1239692
_d1239692